Movies Quiz

Random Movies or Actor Quiz

Classic Hollywood Actors Quiz Stats

 Plays Quiz Updated Jan 15, 2015

Also try: Classic Actors
Challenge
Share
Tweet
Score 0/40 Timer 15:00
6 Plays Today
% Correct
James Dean
95.3%
The Marx Brothers
92.9%
Sean Connery
88.1%
Bing Crosby
87.3%
Clark Gable
87.1%
John Wayne
86.6%
James Stewart
83.7%
Gene Kelly
83.4%
Dean Martin
81.7%
Kirk Douglas
81.3%
Jack Lemmon
80%
Ronald Reagan
79.6%
Gregory Peck
79.4%
Sidney Poitier
78.2%
Yul Brynner
73.2%
Henry Fonda
73.1%
Abbott and Costello
73%
Mickey Rooney
70.9%
Vincent Price
70.7%
James Cagney
68.9%
% Correct
Bela Lugosi
61%
Buster Keaton
58.5%
Burt Lancaster
58.3%
David Niven
58.1%
Robert Mitchum
55.3%
Karl Malden
52.4%
Rex Harrison
46.7%
Peter Lorre
45.2%
Edward G. Robinson
44.4%
Anthony Quinn
40.9%
Charles Laughton
34.9%
Basil Rathbone
31.9%
Ray Milland
29.3%
Leslie Howard
29.1%
Joseph Cotten
26.6%
Victor Mature
25.8%
Fredric March
20.1%
John Barrymore
19.9%
Farley Granger
18.8%
Dana Andrews
18.6%

You're not logged in!

Compare scores with friends on all Sporcle quizzes.
OR
Log In

You Might Also Like...

Show Comments

Extras

Top Quizzes Today


Score Distribution

Your Account Isn't Verified!

In order to create a playlist on Sporcle, you need to verify the email address you used during registration. Go to your Sporcle Settings to finish the process.

Report this User

Report this user for behavior that violates our Community Guidelines.

Details: